<The> Language of Extremism and Racism

Guardado en:
Detalles Bibliográficos
Autor principal: Mandáková, Alexandra, 1980-
Formato: Capítulo de libro
Lenguaje:inglés
Materias:
Etiquetas: Agregar Etiqueta
Sin Etiquetas, Sea el primero en etiquetar este registro!

MARC

LEADER 00000naa a2200000 4500
001 0250484
005 20240502074020.9
041 0 |a eng 
044 |a SK 
245 1 0 |a <The> Language of Extremism and Racism  |c Alexandra Mandáková 
610 2 0 |a extrémizmus 
610 2 0 |a rasizmus 
610 2 0 |a komunikácia 
100 1 |a Mandáková, Alexandra, 1980-